Workshop processes and materials for mechanical engineering technicians. (Record no. 161274)
[ view plain ]
| 000 -LEADER | |
|---|---|
| fixed length control field | 00781cam1a220022900 4500 |
| 001 - CONTROL NUMBER | |
| control field | tmp15698058 |
| 003 - CONTROL NUMBER IDENTIFIER | |
| control field | UPRA |
| 005 - DATE AND TIME OF LATEST TRANSACTION | |
| control field | 20190826095033.0 |
| 008 - FIXED-LENGTH DATA ELEMENTS--GENERAL INFORMATION | |
| fixed length control field | 951005s1967 enk eng u |
| 035 ## - SYSTEM CONTROL NUMBER | |
| System control number | (Sirsi) r60222 |
| 035 ## - SYSTEM CONTROL NUMBER | |
| System control number | (UPRA)tmp15698058 |
| 040 ## - CATALOGING SOURCE | |
| Transcribing agency | UPRA |
| 100 1# - MAIN ENTRY--PERSONAL NAME | |
| Personal name | Rankin, J. A. |
| Linkage | A19627.1 |
| 245 10 - TITLE STATEMENT | |
| Title | Workshop processes and materials for mechanical engineering technicians. |
| 260 ## - PUBLICATION, DISTRIBUTION, ETC. | |
| Place of publication, distribution, etc. | [Harmondsworth, Middlesex] : |
| Name of publisher, distributor, etc. | Penguin, |
| Date of publication, distribution, etc. | [1967] |
| 440 #0 - SERIES STATEMENT/ADDED ENTRY--TITLE | |
| Title | Penguin library of technology |
| Linkage | S4039.1 |
| 504 ## - BIBLIOGRAPHY, ETC. NOTE | |
| Bibliography, etc. note | Includes bibliographies. |
| 650 #0 - SUBJECT ADDED ENTRY--TOPICAL TERM | |
| Topical term or geographic name entry element | Machine-shop practice. |
| Linkage | S14013.1 |
| 949 ## - LOCAL PROCESSING INFORMATION (OCLC) | |
| a | TJ1160 |
| v | VOL. 2 |
| w | lcc |
| i | 33729000240825 |
| m | MAIN |
| p | 2500 |
| t | BOOK |
| l | ON-SHELF |
| 949 ## - LOCAL PROCESSING INFORMATION (OCLC) | |
| a | TJ1160 |
| v | VOL. 1 |
| w | lcc |
| i | 33729001915698 |
| m | MAIN |
| p | 2500 |
| t | BOOK |
| l | ON-SHELF |
No items available.